| 000 | 00731nam a2200253Ia 4500 | ||
|---|---|---|---|
| 003 | OSt | ||
| 005 | 20220928115522.0 | ||
| 006 | a|||||r|||| 00| 0 | ||
| 007 | ta | ||
| 008 | 220927b |||||||| |||| 00| 0 eng d | ||
| 024 | _a3339 | ||
| 037 | _cTextual | ||
| 040 |
_aSDCL _cSDCL _beng |
||
| 041 |
_2eng _aeng |
||
| 082 | _aY33.2'P, P6 | ||
| 100 |
_aDe Neve Geert Ed. _9387659 |
||
| 245 | 0 |
_aMeaning of the local _bPolitics of peace in urban India |
|
| 260 |
_aLondon _bRoutledge _c2006 |
||
| 300 |
_axi,238p _ccm. |
||
| 650 | _aUrban Development India | ||
| 700 |
_a Donner Henrike Ed. _9387660 |
||
| 942 |
_hY33.2'P, P6 _cTEXL _2CC |
||
| 999 |
_c759755 _d759755 |
||